Principles of Aerosol Technology/ (Record no. 12100)
[ view plain ]
| 000 -LEADER | |
|---|---|
| fixed length control field | 00854cam a2200241 4500 |
| 001 - CONTROL NUMBER | |
| control field | 3654451 |
| 005 - DATE AND TIME OF LATEST TRANSACTION | |
| control field | 19870701000000.0 |
| 008 - FIXED-LENGTH DATA ELEMENTS--GENERAL INFORMATION | |
| fixed length control field | 700622s1970 nyua b 001 0 eng |
| 010 ## - LIBRARY OF CONGRESS CONTROL NUMBER | |
| LC control number | 76108650 |
| 040 ## - CATALOGING SOURCE | |
| Original cataloging agency | DLC |
| Transcribing agency | DLC |
| Modifying agency | DLC |
| 050 00 - LIBRARY OF CONGRESS CALL NUMBER | |
| Classification number | TP244.A3 |
| Item number | S35 1970 |
| 082 00 - DEWEY DECIMAL CLASSIFICATION NUMBER | |
| Classification number | 660.294515 |
| Edition number | 22 |
| Item number | SAN |
| 100 1# - MAIN ENTRY--PERSONAL NAME | |
| Personal name | Sanders, Paul A. |
| Fuller form of name | (Paul Amsdon), |
| Dates associated with a name | 1913- |
| 9 (RLIN) | 7181 |
| 245 10 - TITLE STATEMENT | |
| Title | Principles of Aerosol Technology/ |
| Statement of responsibility, etc | Paul A. Sanders. |
| 260 ## - PUBLICATION, DISTRIBUTION, ETC. (IMPRINT) | |
| Place of publication, distribution, etc | New York: |
| Name of publisher, distributor, etc | Van Nostrand Reinhold, |
| Date of publication, distribution, etc | 1970 |
| 300 ## - PHYSICAL DESCRIPTION | |
| Extent | x, 418 p.: |
| Other physical details | ill. ; |
| Dimensions | 24 cm. |
| 500 ## - GENERAL NOTE | |
| General note | Includes index |
| 504 ## - BIBLIOGRAPHY, ETC. NOTE | |
| Bibliography, etc | Includes bibliographies. |
| 650 #0 - SUBJECT ADDED ENTRY--TOPICAL TERM | |
| Topical term or geographic name as entry element | Aerosols. |
| 9 (RLIN) | 7182 |
| 710 2# - ADDED ENTRY--CORPORATE NAME | |
| Corporate name or jurisdiction name as entry element | E.I. du Pont de Nemours & Company. |
| 9 (RLIN) | 7183 |
| 942 ## - ADDED ENTRY ELEMENTS (KOHA) | |
| Source of classification or shelving scheme | Dewey Decimal Classification |
| Item type | Book - Borrowing |
| Withdrawn status | Item status | Source of classification or shelving scheme | Damaged status | Not for loan | Vendor | Home library | Current library | Shelving location | Date acquired | Source of acquisition | Cost, normal purchase price | Total Checkouts | Full call number | Barcode | Date last seen | Koha item type |
|---|---|---|---|---|---|---|---|---|---|---|---|---|---|---|---|---|
| Dewey Decimal Classification | Alef-Baa | Central Library | Central Library | First floor | 29/06/2009 | 150.00 | 660.294515 SAN | 000017235 | 15/07/2025 | Book - Borrowing |